| 000 | 00813cam a2200205 4500 | ||
|---|---|---|---|
| 001 | WB3702-12 | ||
| 008 | 000000n2001 000 0 eng u | ||
| 035 | _a(Sirsi) u110232 | ||
| 245 | _aHouse price drop a blip | ||
| 260 | _c2001 | ||
| 490 |
_aSunday Business _v7 January 2001, 7(1) |
||
| 520 | _aHalifax claims that house prices will not fall, in spite of a 1.1% retreat of house price inflation in December 2000. Halifax predicts a steady housing market for 2001 with a national rise in prices of 4%, although others suggest a threat of negative equity exists particularly in London. Graph. | ||
| 590 | _aWB | ||
| 650 | _aHOUSE PRICES | ||
| 650 | _aHALIFAX | ||
| 650 | _aHOUSING MARKET | ||
| 650 | _aFORECASTS | ||
| 690 | _aPROPERTY-RESIDENTIAL PROPERTY-RESIDENTIAL PROPERTY MARKET | ||
| 942 | _n0 | ||
| 999 |
_c65736 _d65736 |
||